| 000 | 00762nam a22002297a 4500 | ||
|---|---|---|---|
| 001 | 19002 | ||
| 003 | BD-RjUL | ||
| 005 | 20211209000353.0 | ||
| 008 | 140223r19551921enk||||| |||| 00| 0 eng d | ||
| 035 | _a(BD-RjUL)19060 | ||
| 040 |
_aBD-RjUL _beng _cBD-RjUL |
||
| 041 | _aeng | ||
| 082 |
_a822.33 _bQUT 1955 _223 |
||
| 100 |
_a Quiller-Couch , Arthur. _q Arthur Quiller-Couch; _958564 |
||
| 245 |
_aThe two gentlemen of Verona / _c Arthur Quiller-Couch. |
||
| 260 |
_aCambridge [England] : _bUniversity Press, _c 1921 [Reprinted 1955] |
||
| 300 |
_axix, 110 p., [1] leaf of plates : _bport. ; _c18 cm. |
||
| 500 | _aDesigned by Bruce Rogers. | ||
| 600 |
_a Shakespeare, William, 1564 - 1616 _9168702 |
||
| 700 |
_a John Dover Wilson. _958565 |
||
| 942 |
_2ddc _cBK |
||
| 999 |
_c19002 _d19002 |
||